00329nam a2200121Ia 45000010005000000080041000050820018000461000054000642450023001182600024001419010027001659990015001921338241024s9999 xx 000 0 und d aRD371.1/R426e aRepública Dominicana. Ministerio de Educación 0aEscuelas Efectivas bSanto Domingoc2010 a23/3/2011 9:34:15 a.m. c7529d7529